[Event "Madrid-chT 2223"]
[Site "Madrid"]
[Date "2022.12.18"]
[Round "4.2"]
[White "Fernandez Lledo, Javier"]
[Black "Fernandez Blazquez, Diego"]
[Result "1/2-1/2"]
[WhiteElo "2273"]
[BlackElo "2220"]
[PlyCount "88"]
[EventDate "2022.11.20"]
[EventType "team-tourn"]
[EventRounds "14"]
[EventCountry "ESP"]
[SourceTitle "Ajedrez en Madrid"]
[Source "lmi"]
[SourceDate "2022.11.21"]
[SourceVersion "1"]
[SourceVersionDate "2023.03.23"]
[SourceQuality "1"]
[WhiteTeam "Alcala de Henares"]
[BlackTeam "San Fernando de Henares"]
[WhiteTeamCountry "ESP"]
[BlackTeamCountry "ESP"]

1. e4 c5 2. Nf3 Nc6 3. Nc3 e6 4. d4 cxd4 5. Nxd4 Qc7 6. f4 a6 7. Nxc6 bxc6 8.
Bd3 d5 9. O-O Nf6 10. Kh1 Be7 11. Qe2 O-O 12. Bd2 Re8 13. Rae1 Bf8 14. e5 Nd7
15. Rf3 g6 16. Nd1 c5 17. b3 Bb7 18. Nf2 Bg7 19. Rh3 Bc6 20. Qg4 f5 21. exf6
Nxf6 22. Qe2 Bd7 23. Rh4 a5 24. c4 Rab8 25. Kg1 a4 26. g4 axb3 27. g5 Ne4 28.
Bxe4 dxe4 29. Nxe4 b2 30. Rb1 e5 31. Bc3 Bf5 32. Rxb2 Rxb2 33. Bxb2 Qb8 34.
Nf6+ Bxf6 35. gxf6 exf4 36. f7+ Kxf7 37. Rxh7+ Kg8 38. Rh8+ Kf7 39. Rh7+ Kg8
40. Rh8+ Kf7 41. Qxe8+ Qxe8 42. Rxe8 Kxe8 43. Ba3 Bb1 44. Bxc5 Bxa2 1/2-1/2

[Event "Madrid-chT 2223"]
[Site "Madrid"]
[Date "2022.12.18"]
[Round "4.3"]
[White "Perez Gonzalez, Jose Manuel"]
[Black "Medina Diaz, Rafael Alejandro"]
[Result "1-0"]
[WhiteElo "2195"]
[BlackElo "2251"]
[PlyCount "51"]
[EventDate "2022.11.20"]
[EventType "team-tourn"]
[EventRounds "14"]
[EventCountry "ESP"]
[SourceTitle "Ajedrez en Madrid"]
[Source "lmi"]
[SourceDate "2022.11.21"]
[SourceVersion "1"]
[SourceVersionDate "2023.03.23"]
[SourceQuality "1"]
[WhiteTeam "San Fernando de Henares"]
[BlackTeam "Alcala de Henares"]
[WhiteTeamCountry "ESP"]
[BlackTeamCountry "ESP"]

1. e4 e6 2. d4 d5 3. Nc3 Bb4 4. e5 c5 5. a3 Bxc3+ 6. bxc3 Qa5 7. Bd2 Qa4 8. Qg4
g6 9. Nf3 Nc6 10. Be2 c4 11. Ra2 Bd7 12. Qh4 h6 13. O-O Nce7 14. Bg5 Rh7 15.
Rb1 Bc6 16. Rb4 Qa5 17. a4 Qc7 18. a5 O-O-O 19. Qh3 a6 20. Bc1 Bb5 21. Ng5 hxg5
22. Qxh7 Nc6 23. Bxg5 Re8 24. Rb1 Nxe5 25. dxe5 Qxe5 26. Be3 1-0

[Event "Madrid-chT 2223"]
[Site "Madrid"]
[Date "2022.12.18"]
[Round "4.5"]
[White "Gallego Bergada, Antoni"]
[Black "Yañez Rodriguez, Wilbert"]
[Result "1/2-1/2"]
[WhiteElo "2143"]
[BlackElo "2103"]
[PlyCount "64"]
[EventDate "2022.11.20"]
[EventType "team-tourn"]
[EventRounds "14"]
[EventCountry "ESP"]
[SourceTitle "Ajedrez en Madrid"]
[Source "lmi"]
[SourceDate "2022.11.21"]
[SourceVersion "1"]
[SourceVersionDate "2023.03.23"]
[SourceQuality "1"]
[WhiteTeam "San Fernando de Henares"]
[BlackTeam "Alcala de Henares"]
[WhiteTeamCountry "ESP"]
[BlackTeamCountry "ESP"]

1. e4 c5 2. Nf3 g6 3. d4 cxd4 4. Nxd4 Nc6 5. Nc3 Bg7 6. Be3 Nf6 7. Bc4 O-O 8.
Bb3 Qa5 9. f3 d6 10. Qd2 Bd7 11. O-O-O Rfc8 12. Kb1 Ne5 13. h4 Nc4 14. Bxc4
Rxc4 15. Nb3 Qc7 16. g4 Be6 17. h5 Rc8 18. Nb5 Qd7 19. N5d4 Bxg4 20. fxg4 Qxg4
21. hxg6 fxg6 22. c3 Qxe4+ 23. Qd3 Qd5 24. Nc2 Qxd3 25. Rxd3 b6 26. Ncd4 Ng4
27. Rg1 Nxe3 28. Rxe3 Bf6 29. Rf1 a6 30. Re2 Rf8 31. Ref2 Rfc8 32. Ne6 Re8
1/2-1/2

[Event "Madrid-chT 2223"]
[Site "Madrid"]
[Date "2022.12.18"]
[Round "4.6"]
[White "Candela Martin, Alvaro"]
[Black "Del Valle Cirera, Adria"]
[Result "1/2-1/2"]
[WhiteElo "1917"]
[BlackElo "2100"]
[PlyCount "48"]
[EventDate "2022.11.20"]
[EventType "team-tourn"]
[EventRounds "14"]
[EventCountry "ESP"]
[SourceTitle "Ajedrez en Madrid"]
[Source "lmi"]
[SourceDate "2022.11.21"]
[SourceVersion "1"]
[SourceVersionDate "2023.03.23"]
[SourceQuality "1"]
[WhiteTeam "Alcala de Henares"]
[BlackTeam "San Fernando de Henares"]
[WhiteTeamCountry "ESP"]
[BlackTeamCountry "ESP"]

1. e4 e6 2. d4 d5 3. Nd2 dxe4 4. Nxe4 Bd7 5. Nf3 Bc6 6. Nc3 Nf6 7. Be2 Be7 8.
O-O Bxf3 9. Bxf3 c6 10. Ne4 Nbd7 11. Bf4 O-O 12. Re1 Qb6 13. Qd2 Rfd8 14. c3
Nxe4 15. Bxe4 Bf6 16. Qc2 g6 17. Bf3 Rac8 18. b4 Re8 19. Re2 a5 20. Rb1 axb4
21. Rxb4 Qa6 22. Ra4 Qb6 23. Rb4 Qa6 24. Ra4 Qb6 1/2-1/2

[Event "Madrid-chT 2223"]
[Site "Madrid"]
[Date "2022.12.18"]
[Round "4.1"]
[White "Plazuelo Pascual, Juan"]
[Black "Reyes Larena, Juan"]
[Result "1-0"]
[WhiteElo "2445"]
[BlackElo "2444"]
[PlyCount "61"]
[EventDate "2022.11.20"]
[EventType "team-tourn"]
[EventRounds "14"]
[EventCountry "ESP"]
[SourceTitle "Ajedrez en Madrid"]
[Source "lmi"]
[SourceDate "2022.11.21"]
[SourceVersion "1"]
[SourceVersionDate "2023.03.23"]
[SourceQuality "1"]
[WhiteTeam "Alcorcon Diagonal"]
[BlackTeam "San Sebastian de los Reyes"]
[WhiteTeamCountry "ESP"]
[BlackTeamCountry "ESP"]

1. d4 Nf6 2. c4 g6 3. Nc3 Bg7 4. e4 d6 5. Be2 e5 6. dxe5 dxe5 7. Qxd8+ Kxd8 8.
f4 c6 9. Nf3 Nbd7 10. fxe5 Ng8 11. Bf4 h6 12. O-O-O Ke8 13. Rhf1 Nc5 14. Bg3
Ne6 15. b4 Ne7 16. c5 h5 17. h4 Bh6+ 18. Kb2 Kf8 19. Bc4 Kg7 20. Nd4 Rf8 21.
Nxe6+ Bxe6 22. Bxe6 fxe6 23. Rxf8 Kxf8 24. Ne2 Ke8 25. Rd6 Be3 26. Bf4 Bf2 27.
Bg5 Ng8 28. Rxe6+ Kf7 29. Rd6 Re8 30. Rd1 Rf8 31. Nf4 1-0

[Event "Madrid-chT 2223"]
[Site "Madrid"]
[Date "2022.12.18"]
[Round "4.2"]
[White "Alfaya Marcelo, Roberto"]
[Black "Ortega Ruiz, Jose Miguel"]
[Result "1/2-1/2"]
[WhiteElo "2254"]
[BlackElo "2354"]
[PlyCount "122"]
[EventDate "2022.11.20"]
[EventType "team-tourn"]
[EventRounds "14"]
[EventCountry "ESP"]
[SourceTitle "Ajedrez en Madrid"]
[Source "lmi"]
[SourceDate "2022.11.21"]
[SourceVersion "1"]
[SourceVersionDate "2023.03.23"]
[SourceQuality "1"]
[WhiteTeam "San Sebastian de los Reyes"]
[BlackTeam "Alcorcon Diagonal"]
[WhiteTeamCountry "ESP"]
[BlackTeamCountry "ESP"]

1. c4 e5 2. Nc3 Nf6 3. g3 d5 4. cxd5 Nxd5 5. Bg2 Nb6 6. d3 Be7 7. Be3 O-O 8.
Rc1 Re8 9. Nf3 Nc6 10. O-O Bf8 11. a3 h6 12. Na4 e4 13. Ne1 Bg4 14. Nxb6 axb6
15. Bxe4 Rxe4 16. dxe4 Qxd1 17. Rxd1 Bxe2 18. Rd2 Bxf1 19. Kxf1 b5 20. Bf4 b4
21. Nc2 bxa3 22. bxa3 Bxa3 23. Nxa3 Rxa3 24. Rb2 Ra4 25. Rxb7 Rxe4 26. Rxc7 Ne7
27. Rc5 Re6 28. Kg2 Nc6 29. h3 Kh7 30. Bd2 g5 31. Bc3 Kg6 32. Kf3 Rd6 33. Kg2
Re6 34. Rd5 Ne7 35. Rd8 h5 36. Re8 g4 37. hxg4 hxg4 38. Bb4 Nd5 39. Rg8+ Kf5
40. Bd2 f6 41. Kf1 Rb6 42. Re8 Rb2 43. Be1 Rc2 44. Re2 Rxe2 45. Kxe2 Ke4 46.
Bd2 f5 47. Ba5 Nf6 48. Bc3 Nd7 49. Bb4 Ne5 50. Bc3 Nd3 51. Bd2 Nc5 52. Bc3 Nd3
53. Bd2 Nc5 54. Bc3 Nb3 55. Bb2 Nc5 56. Bc3 Nd3 57. Bd2 Ne5 58. Bc3 Nf3 59. Bf6
Ng1+ 60. Kf1 Nf3 61. Ke2 Ng1+ 1/2-1/2

[Event "Madrid-chT 2223"]
[Site "Madrid"]
[Date "2022.12.18"]
[Round "4.3"]
[White "Garcia Dorado, Alberto"]
[Black "Martinez Fernandez, Raul"]
[Result "1-0"]
[WhiteElo "2264"]
[BlackElo "2176"]
[PlyCount "129"]
[EventDate "2022.11.20"]
[EventType "team-tourn"]
[EventRounds "14"]
[EventCountry "ESP"]
[SourceTitle "Ajedrez en Madrid"]
[Source "lmi"]
[SourceDate "2022.11.21"]
[SourceVersion "1"]
[SourceVersionDate "2023.03.23"]
[SourceQuality "1"]
[WhiteTeam "Alcorcon Diagonal"]
[BlackTeam "San Sebastian de los Reyes"]
[WhiteTeamCountry "ESP"]
[BlackTeamCountry "ESP"]

1. d4 Nf6 2. c4 e6 3. g3 d5 4. Bg2 Be7 5. Nf3 O-O 6. Nc3 dxc4 7. Ne5 Nc6 8.
Bxc6 bxc6 9. Nxc6 Qd6 10. Nxe7+ Qxe7 11. Qa4 Bb7 12. O-O e5 13. dxe5 Qxe5 14.
Qxc4 Nd5 15. f3 Nxc3 16. bxc3 Qd5 17. Qxd5 Bxd5 18. Bf4 Bc4 19. Bxc7 Rfc8 20.
Bf4 Bxe2 21. Rf2 Bc4 22. Rd2 Be6 23. Be5 Rc6 24. Bd4 Rac8 25. Rb2 Ra6 26. a4
Rac6 27. a5 a6 28. Rb6 Bc4 29. Re1 Kf8 30. Kf2 f6 31. h4 Rxb6 32. axb6 Bd5 33.
Ra1 Bb7 34. g4 Kf7 35. Ra4 g6 36. c4 Rc6 37. c5 Re6 38. Be3 Re7 39. Bf4 Ke6 40.
c6 Bxc6 41. Rxa6 Bb7 42. Ra5 Kd7 43. Rc5 Bc6 44. Rc3 Bb7 45. g5 f5 46. Be5 Ke8
47. f4 Re6 48. Bc7 Re7 49. Rd3 Rd7 50. Ra3 Rd2+ 51. Ke3 Rb2 52. Ra7 Be4 53. Kd4
Rb5 54. Kc4 Rb1 55. Kc5 Bf3 56. Be5 Rc1+ 57. Kd4 Rb1 58. Kc5 Rc1+ 59. Kb5 Rb1+
60. Ka6 Be2+ 61. Kb7 Kd8 62. Bf6+ Ke8 63. Kc7 Bf3 64. b7 Rc1+ 65. Kd6 1-0

[Event "Madrid-chT 2223"]
[Site "Madrid"]
[Date "2022.12.18"]
[Round "4.4"]
[White "Hernandez Ramos, David"]
[Black "Lozano Ramirez, Nestor Favian"]
[Result "0-1"]
[WhiteElo "2094"]
[BlackElo "2231"]
[PlyCount "96"]
[EventDate "2022.11.20"]
[EventType "team-tourn"]
[EventRounds "14"]
[EventCountry "ESP"]
[SourceTitle "Ajedrez en Madrid"]
[Source "lmi"]
[SourceDate "2022.11.21"]
[SourceVersion "1"]
[SourceVersionDate "2023.03.23"]
[SourceQuality "1"]
[WhiteTeam "San Sebastian de los Reyes"]
[BlackTeam "Alcorcon Diagonal"]
[WhiteTeamCountry "ESP"]
[BlackTeamCountry "ESP"]

1. d4 g6 2. c4 Bg7 3. Nc3 c5 4. d5 d6 5. e4 e6 6. Be2 Nf6 7. h3 O-O 8. Nf3 exd5
9. Nxd5 Nxd5 10. exd5 Bf5 11. Bf4 Be4 12. Nd2 Re8 13. Nxe4 Rxe4 14. Qd2 Bxb2
15. Rb1 Be5 16. Bxe5 Rxe5 17. Rxb7 Nd7 18. Rb2 Qh4 19. O-O Rae8 20. Bg4 f5 21.
g3 Qf6 22. Bf3 Nb6 23. Rc2 Qe7 24. h4 Qf6 25. Kg2 Kg7 26. Rh1 h6 27. a4 R5e7
28. a5 Nd7 29. Rb1 g5 30. hxg5 hxg5 31. Rh1 Ne5 32. Be2 f4 33. Qc3 Rf8 34. gxf4
Qxf4 35. Bd1 Ref7 36. Qh3 Qe4+ 37. f3 Qg6 38. Rc3 Rf4 39. Bc2 g4 40. Qh7+ Qxh7
41. Rxh7+ Kg8 42. Rxa7 gxf3+ 43. Kf1 Rh4 44. Rb3 Rh1+ 45. Kf2 Rh2+ 46. Kf1 Rxc2
47. Rbb7 Rg2 48. Rb3 f2 0-1

[Event "Madrid-chT 2223"]
[Site "Madrid"]
[Date "2022.12.18"]
[Round "4.5"]
[White "Horcajuelo Rocamora, Martin"]
[Black "Hernandez Ramos, Alberto"]
[Result "1/2-1/2"]
[WhiteElo "2184"]
[BlackElo "2014"]
[PlyCount "92"]
[EventDate "2022.11.20"]
[EventType "team-tourn"]
[EventRounds "14"]
[EventCountry "ESP"]
[SourceTitle "Ajedrez en Madrid"]
[Source "lmi"]
[SourceDate "2022.11.21"]
[SourceVersion "1"]
[SourceVersionDate "2023.03.23"]
[SourceQuality "1"]
[WhiteTeam "Alcorcon Diagonal"]
[BlackTeam "San Sebastian de los Reyes"]
[WhiteTeamCountry "ESP"]
[BlackTeamCountry "ESP"]

1. d4 d5 2. c4 e6 3. Nc3 Nf6 4. Nf3 a6 5. cxd5 exd5 6. Bf4 Bd6 7. Be5 Be6 8.
Qb3 Nc6 9. Bxd6 Qxd6 10. e3 O-O 11. Be2 h6 12. h3 Bf5 13. a3 b5 14. Na2 Na5 15.
Qb4 Nc4 16. O-O Qxb4 17. axb4 Nxb2 18. Rfc1 Nc4 19. Bxc4 dxc4 20. Nc3 c6 21.
Ne5 Rfc8 22. Ra5 Nd5 23. Nxd5 cxd5 24. Rc3 f6 25. Nf3 Kf7 26. Ne1 Ke7 27. f3
Kd6 28. Kf2 Kc6 29. g4 Bg6 30. Ng2 Re8 31. Nf4 Bf7 32. Rca3 Kb6 33. Ne2 Red8
34. Nc3 Be8 35. Ra1 Bc6 36. h4 g6 37. Kg3 Bb7 38. R1a3 Rac8 39. Ne2 Re8 40. Rc3
Rc7 41. Kf2 f5 42. gxf5 gxf5 43. Nf4 Rg7 44. Nh5 Rg6 45. Nf4 Rg7 46. Nh5 Rg6
1/2-1/2

[Event "Madrid-chT 2223"]
[Site "Madrid"]
[Date "2022.12.18"]
[Round "4.6"]
[White "Calvo Gutierrez, Hector"]
[Black "Aguilera Lopez, Alejandro"]
[Result "1/2-1/2"]
[WhiteElo "1876"]
[BlackElo "2184"]
[PlyCount "119"]
[EventDate "2022.11.20"]
[EventType "team-tourn"]
[EventRounds "14"]
[EventCountry "ESP"]
[SourceTitle "Ajedrez en Madrid"]
[Source "lmi"]
[SourceDate "2022.11.21"]
[SourceVersion "1"]
[SourceVersionDate "2023.03.23"]
[SourceQuality "1"]
[WhiteTeam "San Sebastian de los Reyes"]
[BlackTeam "Alcorcon Diagonal"]
[WhiteTeamCountry "ESP"]
[BlackTeamCountry "ESP"]

1. d4 c5 2. dxc5 e6 3. Nf3 Bxc5 4. c4 Nf6 5. Nc3 Nc6 6. e3 O-O 7. a3 a5 8. Be2
d6 9. O-O e5 10. Qc2 Bg4 11. Rd1 Qc8 12. Bd3 Bxf3 13. gxf3 Qh3 14. Qe2 Ne7 15.
Kh1 Rad8 16. Rg1 Ng6 17. Bd2 Bb6 18. Rg3 Qe6 19. Ne4 Nxe4 20. Bxe4 Qe7 21. Qd3
Rd7 22. Bc3 Qh4 23. Rag1 Bd8 24. Bf5 Re7 25. Rg4 Qf6 26. h4 Nxh4 27. Rxg7+ Qxg7
28. Rxg7+ Kxg7 29. Be4 f5 30. Bd5 Kh6 31. Kg1 Rf6 32. Kf1 Bb6 33. Ke2 Rg6 34.
Qd1 f4 35. Qb3 Bc5 36. Bxa5 fxe3 37. fxe3 Rg2+ 38. Kd3 Nf5 39. Bb6 Nxe3 40.
Bxc5 Nxd5 41. cxd5 dxc5 42. Qb6+ Rg6 43. Qxc5 Rf7 44. Qe3+ Rf4 45. Qxe5 Rxf3+
46. Kc4 Rgf6 47. a4 Kg6 48. Qe8+ Kg7 49. b4 R3f4+ 50. Kc5 b6+ 51. Kb5 R4f5 52.
Qd7+ Rf7 53. Qc6 R7f6 54. Qb7+ Kg6 55. a5 bxa5 56. bxa5 Rf1 57. Qd7 Rb1+ 58.
Kc4 Rc1+ 59. Kb5 Rb1+ 60. Kc5 1/2-1/2

[Event "Madrid-chT 2223"]
[Site "Madrid"]
[Date "2022.12.18"]
[Round "4.1"]
[White "Vazquez Igarza, Renier"]
[Black "Alarcia Astiz, Carlos"]
[Result "1-0"]
[WhiteElo "2536"]
[BlackElo "2250"]
[PlyCount "115"]
[EventDate "2022.11.20"]
[EventType "team-tourn"]
[EventRounds "14"]
[EventCountry "ESP"]
[SourceTitle "Ajedrez en Madrid"]
[Source "lmi"]
[SourceDate "2022.11.21"]
[SourceVersion "1"]
[SourceVersionDate "2023.03.23"]
[SourceQuality "1"]
[WhiteTeam "Collado Villalba"]
[BlackTeam "Blanco y Negro"]
[WhiteTeamCountry "ESP"]
[BlackTeamCountry "ESP"]

1. d4 c6 2. c4 d5 3. Nf3 Nf6 4. e3 Bf5 5. Nc3 e6 6. Nh4 Bg6 7. Qb3 Qb6 8. Nxg6
hxg6 9. Bd2 Nbd7 10. Be2 Be7 11. h3 Qxb3 12. axb3 O-O 13. O-O-O Rac8 14. Kb1 c5
15. Bc1 Nb6 16. cxd5 cxd4 17. Rxd4 Nbxd5 18. Nxd5 Nxd5 19. Bd2 Rfd8 20. Rd1 Nf6
21. Be1 Rxd4 22. Rxd4 Rd8 23. Rc4 b6 24. b4 Bd6 25. b5 Bc5 26. b4 Bd6 27. Kc2
Kf8 28. Kb3 Ke7 29. Rc2 Rd7 30. Bf3 Be5 31. Ra2 Nd5 32. h4 Rc7 33. g4 Nc3 34.
Rc2 Nxb5 35. Bc6 a6 36. f4 Na7 37. Be4 Rxc2 38. Bxc2 Bc7 39. Bc3 e5 40. Kc4
exf4 41. exf4 f6 42. Bd2 Kf7 43. Kd5 a5 44. bxa5 bxa5 45. Be3 Nc8 46. Kc6 Ne7+
47. Kd7 g5 48. Bb3+ Kg6 49. h5+ Kh6 50. fxg5+ fxg5 51. Kxe7 Be5 52. Bd2 Bf6+
53. Ke6 Bd4 54. Kf5 Bf6 55. Bxa5 Be7 56. Bc3 Bd8 57. Ke6 g6 58. Kf7 1-0

[Event "Madrid-chT 2223"]
[Site "Madrid"]
[Date "2022.12.18"]
[Round "4.2"]
[White "Lang, Zalan Andreas"]
[Black "Pulvett Marin, Daniel Eduardo"]
[Result "0-1"]
[WhiteElo "2220"]
[BlackElo "2506"]
[PlyCount "88"]
[EventDate "2022.11.20"]
[EventType "team-tourn"]
[EventRounds "14"]
[EventCountry "ESP"]
[SourceTitle "Ajedrez en Madrid"]
[Source "lmi"]
[SourceDate "2022.11.21"]
[SourceVersion "1"]
[SourceVersionDate "2023.03.23"]
[SourceQuality "1"]
[WhiteTeam "Blanco y Negro"]
[BlackTeam "Collado Villalba"]
[WhiteTeamCountry "ESP"]
[BlackTeamCountry "ESP"]

1. d4 Nf6 2. Bg5 c5 3. Nc3 d5 4. Bxf6 exf6 5. e3 Be6 6. dxc5 Bxc5 7. Bb5+ Nc6
8. Nge2 O-O 9. O-O a6 10. Ba4 Ne5 11. Nd4 Nc4 12. Rb1 Rc8 13. Bb3 Ba7 14. Bxc4
Rxc4 15. Nce2 f5 16. c3 Qf6 17. Nf4 g5 18. Nh5 Qg6 19. f4 g4 20. Ng3 Bd7 21.
Qd3 Re8 22. Rfe1 h5 23. Rbd1 h4 24. Ngxf5 Qf6 25. e4 Bxf5 26. exf5 Bxd4+ 27.
cxd4 Rxe1+ 28. Rxe1 Qxd4+ 29. Qxd4 Rxd4 30. f6 Rxf4 31. Re8+ Kh7 32. Re7 Kg6
33. Rxb7 Kxf6 34. Rb6+ Ke5 35. Rxa6 d4 36. Ra8 d3 37. Rd8 Rd4 38. Rxd4 Kxd4 39.
Kf2 g3+ 40. hxg3 hxg3+ 41. Ke1 f5 42. a4 f4 43. a5 f3 44. gxf3 Ke3 0-1

[Event "Madrid-chT 2223"]
[Site "Madrid"]
[Date "2022.12.18"]
[Round "4.3"]
[White "Alonso Garcia, Aaron"]
[Black "Renteria Becerra, Jorge Elicer"]
[Result "1/2-1/2"]
[WhiteElo "2439"]
[BlackElo "2217"]
[PlyCount "100"]
[EventDate "2022.11.20"]
[EventType "team-tourn"]
[EventRounds "14"]
[EventCountry "ESP"]
[SourceTitle "Ajedrez en Madrid"]
[Source "lmi"]
[SourceDate "2022.11.21"]
[SourceVersion "1"]
[SourceVersionDate "2023.03.23"]
[SourceQuality "1"]
[WhiteTeam "Collado Villalba"]
[BlackTeam "Blanco y Negro"]
[WhiteTeamCountry "ESP"]
[BlackTeamCountry "ESP"]

1. e4 c5 2. Nf3 d6 3. d4 cxd4 4. Nxd4 Nf6 5. Nc3 a6 6. f3 e5 7. Nb3 Be7 8. Be3
Be6 9. Qd2 h5 10. Nd5 Bxd5 11. exd5 Nbd7 12. Na5 Qc7 13. c4 e4 14. Be2 exf3 15.
gxf3 Ne5 16. Rc1 O-O 17. O-O Rfe8 18. Bd4 Bf8 19. b4 g6 20. Qb2 Nfd7 21. h3 Nf6
22. f4 Ned7 23. Bf3 Nh7 24. Bxh5 Bh6 25. Qg2 Ndf6 26. Bxg6 fxg6 27. Qxg6+ Bg7
28. Rce1 Qd7 29. f5 Nf8 30. Qg5 N8h7 31. Qg6 Nf8 32. Qg2 Qf7 33. Nxb7 Qxb7 34.
Bxf6 Qf7 35. Bxg7 Qxg7 36. c5 Nd7 37. cxd6 Nf6 38. Re6 Qxg2+ 39. Kxg2 Nxd5 40.
Kf3 Kf7 41. Rfe1 Nxb4 42. Rxe8 Rxe8 43. Rxe8 Kxe8 44. h4 Nxa2 45. h5 Nb4 46.
d7+ Kxd7 47. h6 Nc6 48. Ke4 Nd8 49. h7 Nf7 50. Kd5 Ke7 1/2-1/2

[Event "Madrid-chT 2223"]
[Site "Madrid"]
[Date "2022.12.18"]
[Round "4.4"]
[White "Fayos Mestre, Jose Maria"]
[Black "Martin Duque, Jesus"]
[Result "0-1"]
[WhiteElo "1978"]
[BlackElo "2379"]
[PlyCount "78"]
[EventDate "2022.11.20"]
[EventType "team-tourn"]
[EventRounds "14"]
[EventCountry "ESP"]
[SourceTitle "Ajedrez en Madrid"]
[Source "lmi"]
[SourceDate "2022.11.21"]
[SourceVersion "1"]
[SourceVersionDate "2023.03.23"]
[SourceQuality "1"]
[WhiteTeam "Blanco y Negro"]
[BlackTeam "Collado Villalba"]
[WhiteTeamCountry "ESP"]
[BlackTeamCountry "ESP"]

1. Nf3 Nf6 2. g3 b6 3. Bg2 Bb7 4. O-O g6 5. c4 Bg7 6. Nc3 O-O 7. b3 e6 8. Bb2
Qe7 9. d4 d5 10. cxd5 exd5 11. Rc1 Rd8 12. Ne5 c5 13. e3 Ne4 14. Qc2 Nxc3 15.
Bxc3 Na6 16. Nf3 Rac8 17. dxc5 Bxc3 18. Qxc3 bxc5 19. Rfd1 Nb4 20. Qd2 Ba6 21.
a3 Nd3 22. Rc3 c4 23. b4 Bb5 24. Nd4 Ba4 25. Rb1 a6 26. Bf1 Ne5 27. Bh3 Rb8 28.
b5 Bxb5 29. Rxb5 axb5 30. f4 Nd3 31. Nc6 Qf6 32. Nxb8 Rxb8 33. Bf1 d4 34. exd4
Qxd4+ 35. Kg2 Qd5+ 36. Kg1 Qd4+ 37. Kg2 Qe4+ 38. Kg1 Rd8 39. Bxd3 cxd3 0-1

[Event "Madrid-chT 2223"]
[Site "Madrid"]
[Date "2022.12.18"]
[Round "4.5"]
[White "Suarez Uriel, Adrian"]
[Black "Barroso Barroso, Jorge"]
[Result "1-0"]
[WhiteElo "2387"]
[BlackElo "1864"]
[PlyCount "55"]
[EventDate "2022.11.20"]
[EventType "team-tourn"]
[EventRounds "14"]
[EventCountry "ESP"]
[SourceTitle "Ajedrez en Madrid"]
[Source "lmi"]
[SourceDate "2022.11.21"]
[SourceVersion "1"]
[SourceVersionDate "2023.03.23"]
[SourceQuality "1"]
[WhiteTeam "Collado Villalba"]
[BlackTeam "Blanco y Negro"]
[WhiteTeamCountry "ESP"]
[BlackTeamCountry "ESP"]

1. e4 d6 2. d4 Nf6 3. Nc3 e5 4. Nf3 Nbd7 5. Bc4 Be7 6. a4 c6 7. O-O O-O 8. Re1
Qc7 9. h3 b6 10. Ba2 Bb7 11. dxe5 dxe5 12. Nh4 Rfe8 13. Nf5 Bf8 14. Qf3 Nc5 15.
Bg5 Be7 16. Nh6+ gxh6 17. Bxf6 Bxf6 18. Qxf6 Qe7 19. Qxh6 Kh8 20. Re3 Rg8 21.
Rf3 Rg6 22. Qe3 Rag8 23. Rxf7 Rxg2+ 24. Kh1 Qh4 25. Rf3 R8g4 26. Rf8+ Kg7 27.
Rg8+ Kf6 28. Qf3+ 1-0

[Event "Madrid-chT 2223"]
[Site "Madrid"]
[Date "2022.12.18"]
[Round "4.6"]
[White "Gilardi Olarrea, Mikel"]
[Black "Quispe Arteaga, Gabriel"]
[Result "0-1"]
[WhiteElo "1809"]
[BlackElo "2374"]
[PlyCount "78"]
[EventDate "2022.11.20"]
[EventType "team-tourn"]
[EventRounds "14"]
[EventCountry "ESP"]
[SourceTitle "Ajedrez en Madrid"]
[Source "lmi"]
[SourceDate "2022.11.21"]
[SourceVersion "1"]
[SourceVersionDate "2023.03.23"]
[SourceQuality "1"]
[WhiteTeam "Blanco y Negro"]
[BlackTeam "Collado Villalba"]
[WhiteTeamCountry "ESP"]
[BlackTeamCountry "ESP"]

1. d4 Nf6 2. c4 e6 3. g3 Bb4+ 4. Bd2 Be7 5. Bg2 d5 6. Nf3 O-O 7. Qc2 Nbd7 8.
O-O c6 9. Nc3 dxc4 10. a4 Nd5 11. Ne4 f5 12. Neg5 N7f6 13. e4 Nc7 14. exf5 exf5
15. Qxc4+ Ncd5 16. Ne5 h6 17. Nh3 Ne4 18. Bxh6 gxh6 19. Nxc6 bxc6 20. Qxc6 Qb6
21. Qxd5+ Be6 22. Qb5 Qxb5 23. axb5 Bf6 24. Ra4 Bd7 25. Rfa1 Bxb5 26. Rb4 a6
27. Bxe4 fxe4 28. d5 Rad8 29. Nf4 Rfe8 30. Re1 Rb8 31. Nh5 Bh8 32. Rbxe4 Rxe4
33. Rxe4 Bxb2 34. Re6 a5 35. Re7 a4 36. Ra7 a3 37. d6 Bc4 38. Nf6+ Bxf6 39.
Rxa3 Bd5 0-1

[Event "Madrid-chT 2223"]
[Site "Madrid"]
[Date "2022.12.18"]
[Round "4.1"]
[White "Almagro Llamas, Pablo"]
[Black "Moreno Trujillo, Alejandro"]
[Result "0-1"]
[WhiteElo "2410"]
[BlackElo "2494"]
[PlyCount "76"]
[EventDate "2022.11.20"]
[EventType "team-tourn"]
[EventRounds "14"]
[EventCountry "ESP"]
[SourceTitle "Ajedrez en Madrid"]
[Source "lmi"]
[SourceDate "2022.11.21"]
[SourceVersion "1"]
[SourceVersionDate "2023.03.23"]
[SourceQuality "1"]
[WhiteTeam "Virgen de Atocha"]
[BlackTeam "Villalba 64"]
[WhiteTeamCountry "ESP"]
[BlackTeamCountry "ESP"]

1. d4 Nf6 2. Nf3 e6 3. c4 Bb4+ 4. Bd2 Bxd2+ 5. Qxd2 d6 6. Nc3 Nc6 7. g3 O-O 8.
Bg2 e5 9. O-O a5 10. Rfd1 Nd7 11. dxe5 dxe5 12. Nb5 f6 13. Nh4 Ncb8 14. Qc2 g5
15. Nf5 Na6 16. h4 Qe8 17. Bh3 Ndc5 18. Qd2 b6 19. Nc3 Kh8 20. Nd5 Be6 21. Kh2
Rd8 22. Qe3 gxh4 23. Nxf6 Rxf6 24. Qxe5 Qf8 25. g4 Kg8 26. e4 Bxf5 27. Rxd8
Qxd8 28. gxf5 Qd6 29. f4 Kf8 30. Rf1 Qd2+ 31. Kh1 Nd7 32. Qd5 Qe3 33. Qxd7
Qxh3+ 34. Kg1 Qg3+ 35. Kh1 Qh3+ 36. Kg1 Qe3+ 37. Kh2 Rd6 38. Qc8+ Kf7 0-1

[Event "Madrid-chT 2223"]
[Site "Madrid"]
[Date "2022.12.18"]
[Round "4.2"]
[White "Khamrakulov, Ibragim S"]
[Black "Garcia Cuenca, Victor Manuel"]
[Result "1-0"]
[WhiteElo "2413"]
[BlackElo "2304"]
[PlyCount "69"]
[EventDate "2022.11.20"]
[EventType "team-tourn"]
[EventRounds "14"]
[EventCountry "ESP"]
[SourceTitle "Ajedrez en Madrid"]
[Source "lmi"]
[SourceDate "2022.11.21"]
[SourceVersion "1"]
[SourceVersionDate "2023.03.23"]
[SourceQuality "1"]
[WhiteTeam "Villalba 64"]
[BlackTeam "Virgen de Atocha"]
[WhiteTeamCountry "ESP"]
[BlackTeamCountry "ESP"]

1. e4 c5 2. Nf3 d6 3. c3 Nf6 4. Be2 g6 5. O-O Bg7 6. Re1 O-O 7. Bf1 Nc6 8. h3
Nd7 9. d4 cxd4 10. cxd4 Qb6 11. d5 Nd4 12. Nbd2 Nxf3+ 13. Qxf3 Ne5 14. Qb3 Bh6
15. Qxb6 axb6 16. Nc4 Bxc1 17. Rexc1 Nxc4 18. Rxc4 e6 19. Rb4 exd5 20. exd5 Ra5
21. Bc4 Rc5 22. b3 b5 23. Rxb5 Rxb5 24. Bxb5 Bf5 25. Re1 Rc8 26. Re7 Rc5 27.
Rxb7 Rxd5 28. a4 Be4 29. Rb8+ Kg7 30. f3 Rd1+ 31. Kf2 Bd5 32. Be2 Rb1 33. a5
Rxb3 34. Rxb3 Bxb3 35. Ke3 1-0